000 00667nam a2200217 i 4500
001 146844
003 ES-MaACL
005 20230906201706.0
007 t|
008 070918s1966 sp ||||1| spa d
100 1 _aTroadec, Henry.
_9111471
245 1 3 _aEl Mensaje de San Juan Evangelista /
_cHenry Troadec ; [traducida por Julio Rubio y AngelRubio].
260 _aBarcelona :
_bEler,
_c[1966]
300 _a232 p. ;
_c19 cm.
490 1 _aColección "Eler" ;
_v43
700 1 _aRubio, Julio.
_9100358
700 1 _aRubio, Angel.
_9100337
830 0 _aColección "Eler" ;
_v43
_9186685
852 _aES-MaACL
_jC-32492
_bR.62977
999 _c146844
_d146844